000 00317 a2200133 4500
001 91329
082 _aPR 1225
090 _c43444
_d43443
100 _aUmair Iqbal;
245 _aCode Developement in FORTRON
_n44 "A" EC
260 _aKarachi
_bNED University
_c1996
300 _a86p
500 _aBE Project Reports
942 _aCAE NUST
_kPR 1225
999 _c326402
_d326402